000 00322nam a2200133Ia 4500
005 20260326100040.0
008 260326s9999||||xx |||||||||||||| ||und||
100 _aZubizarreta, Carlos
245 0 _aHistoria de mi Ciudad /
_cCarlos Zubizarreta
260 _bEmasa
300 _a297 p.
650 _aURBANISMO
942 _cBK
999 _c6986
_d6986